[Event "Schaffhausen op"]
[Site "Schaffhausen"]
[Date "2024.01.14"]
[Round "5"]
[White "Schuepbach, Hanspeter"]
[Black "Sunilkumar, Prathyush"]
[Result "0-1"]
[WhiteElo "1643"]
[BlackElo "1402"]
[PlyCount "104"]
[EventDate "2024.01.12"]
[EventType "swiss"]
[EventRounds "5"]
[EventCountry "SUI"]
[SourceTitle "CBM 218 Extra"]
[Source "ChessBase"]
[SourceDate "2024.03.31"]
[SourceVersion "1"]
[SourceVersionDate "2024.03.31"]
[SourceQuality "1"]

1. e4 e6 2. d4 d5 3. Nd2 Nf6 4. e5 Nfd7 5. Bd3 c5 6. c3 Nc6 7. Ne2 Be7 8. Nf3 f6 9. exf6 Nxf6 10. 0-0 0-0 11. Bd2 cxd4 12. cxd4 Bd6 13. Bc3 Qc7 14. h3 e5 15. dxe5 Nxe5 16. Nxe5 Bxe5 17. Bxe5 Qxe5 18. Nc3 Qg5 19. Qc1 Qxc1 20. Raxc1 a6 21. Rfe1 Bd7 22. Re7 Bc6 23. Ne2 Ne4 24. Bxe4 dxe4 25. Nd4 Rfe8 26. Nxc6 bxc6 27. Rxe8+ Rxe8 28. Rxc6 Rb8 29. Rc2 a5 30. Kf1 Kf7 31. Ke2 Kf6 32. Ke3 Ke5 33. Rc5+ Kd6 34. Rc2 Ke5 35. Rc5+ Kd6 36. Rxa5 Rxb2 37. Ra7 g6 38. Rxh7 Rxa2 39. Rg7 Ke5 40. g3 Ra3+ 41. Ke2 Ra2+ 42. Kf1 Ra1+ 43. Kg2 Kf6 44. Rc7 Re1 45. Rc3 Rd1 46. Re3 Kf5 47. h4 Rd8 48. Kh3 Rd3 49. g4+ Kf4 50. Rg3 Rxg3+ 51. fxg3+ Kf3 52. h5 gxh5 0-1

[Event "Wohlen op 3rd"]
[Site "Wohlen"]
[Date "2022.08.21"]
[Round "4"]
[White "Bossert, Moritz"]
[Black "Schuepbach, Hanspeter"]
[Result "0-1"]
[WhiteElo "1584"]
[BlackElo "1743"]
[PlyCount "52"]
[EventDate "2022.08.19"]
[EventType "swiss"]
[EventRounds "5"]
[EventCountry "SUI"]
[SourceTitle "CBM 210 Extra"]
[Source "ChessBase"]
[SourceDate "2022.11.30"]
[SourceVersion "1"]
[SourceVersionDate "2022.11.30"]
[SourceQuality "1"]

1. d4 d5 2. Nf3 Nf6 3. g3 b6 4. Bg2 Bb7 5. Nbd2 e6 6. 0-0 Be7 7. c4 0-0 8. Qc2 Nbd7 9. b3 Rc8 10. Bb2 c5 11. Ne5 Qc7 12. Rac1 cxd4 13. Bxd4 Nxe5 14. f4 Ned7 15. h3 dxc4 16. bxc4 Bxg2 17. Kxg2 Qc6+ 18. e4 Bc5 19. Ba1 Be3 20. Kh2 Bxd2 21. Qxd2 Nxe4 22. Qd4 Ndf6 23. g4 Rfd8 24. Qe5 Rd2+ 25. Kg1 Ng3 26. Rf2 Qh1# 0-1

[Event "Wohlen op 3rd"]
[Site "Wohlen"]
[Date "2022.08.20"]
[Round "2"]
[White "Seletsky, Grigory"]
[Black "Schuepbach, Hanspeter"]
[Result "1-0"]
[WhiteElo "2278"]
[BlackElo "1743"]
[PlyCount "73"]
[EventDate "2022.08.19"]
[EventType "swiss"]
[EventRounds "5"]
[EventCountry "SUI"]
[SourceTitle "CBM 210 Extra"]
[Source "ChessBase"]
[SourceDate "2022.11.30"]
[SourceVersion "1"]
[SourceVersionDate "2022.11.30"]
[SourceQuality "1"]

1. e4 e5 2. Nf3 Nc6 3. Bc4 Be7 4. d4 exd4 5. Nxd4 d6 6. Nc3 Nf6 7. 0-0 0-0 8. Re1 Nxd4 9. Qxd4 c6 10. a4 Nd7 11. Bf4 Nb6 12. Ba2 Be6 13. a5 Nc8 14. Red1 Bxa2 15. Rxa2 Qd7 16. f3 Rd8 17. Ne2 Qe6 18. c4 f5 19. Qd3 fxe4 20. fxe4 Bf6 21. b3 Re8 22. Ng3 Be5 23. Bxe5 Qxe5 24. b4 g6 25. Re2 b6 26. a6 Re6 27. Nf1 Ne7 28. Nd2 Rd8 29. Nf3 Qh5 30. e5 d5 31. Qb3 Kg7 32. cxd5 cxd5 33. Nd4 Rxe5 34. Ne6+ Kh8 35. Rxe5 Qxe5 36. Nxd8 Nf5 37. Nf7+ 1-0

[Event "Rapperswil Jona op 3rd"]
[Site "Rapperswil"]
[Date "2010.07.02"]
[Round "3"]
[White "Khudovekov, Stanislav"]
[Black "Schuepbach, Hanspeter"]
[Result "1-0"]
[WhiteElo "2077"]
[BlackElo "1862"]
[PlyCount "81"]
[EventDate "2010.07.01"]
[EventType "swiss"]
[EventRounds "7"]
[EventCountry "SUI"]
[SourceTitle "CBM 137 Extra"]
[Source "ChessBase"]
[SourceDate "2010.09.01"]
[SourceVersion "1"]
[SourceVersionDate "2010.09.01"]
[SourceQuality "1"]

1. Nf3 d5 2. d4 Nf6 3. c4 e6 4. g3 Be7 5. Bg2 0-0 6. 0-0 c6 7. Nc3 Nbd7 8. Qd3 Re8 9. Rd1 g6 10. Ng5 Nh5 11. h4 Bxg5 12. Bxg5 f6 13. Bh6 Ng7 14. e4 dxe4 15. Nxe4 Nf5 16. Bf4 Qe7 17. d5 cxd5 18. cxd5 e5 19. Be3 Nd6 20. Rac1 Nxe4 21. Qxe4 Qd6 22. Qa4 a6 23. Bc5 Qb8 24. Bb6 Rf8 25. Bc7 Qa7 26. Bd6 b5 27. Qb3 Re8 28. Rc6 e4 29. Bf4 Nc5 30. Qc3 Nd7 31. Rc1 f5 32. h5 Bb7 33. Rc7 Rad8 34. h6 Re7 35. Bg5 Rde8 36. Bxe7 Rxe7 37. Qb4 Rf7 38. Qd6 e3 39. Rxd7 exf2+ 40. Kh2 f1N+ 41. Rxf1 1-0